00584nam a22001937a 4500003000400000020001800004082001800022245007400040260004900114300001400163546001200177650003400189650004400223650004300267700002200310700001700332700002000349700002100369OSt a9789386546265 a631.4bPRI/SO aSoil resources and its mapping through geostatistics using R and QGIS aNew DelhibNew India Publishing Agencyc2018 aix, 360p. aEnglish aFundamentals of geostatistics aSpatial data handling and plotting in R aSoil resources in forests of Rajasthan aPriyabrata Santra aMahesh Kumar aNavraten Panwar aPandey, C B, eds